<?xml version="1.0" encoding="UTF-8"?>
<record
    xmlns:xsi="http://www.w3.org/2001/XMLSchema-instance"
    xsi:schemaLocation="http://www.loc.gov/MARC21/slim http://www.loc.gov/standards/marcxml/schema/MARC21slim.xsd"
    xmlns="http://www.loc.gov/MARC21/slim">

  <leader>00327nam a22001217a 4500</leader>
  <datafield tag="040" ind1=" " ind2=" ">
    <subfield code="c">RUA</subfield>
  </datafield>
  <datafield tag="082" ind1=" " ind2=" ">
    <subfield code="a">LY SOV 2014 C011 Or.</subfield>
  </datafield>
  <datafield tag="100" ind1=" " ind2=" ">
    <subfield code="a">&#x179B;&#x17B8; &#x179F;&#x17BB;&#x179C;&#x178F;&#x17D2;&#x1790;&#x17B7;</subfield>
  </datafield>
  <datafield tag="245" ind1=" " ind2=" ">
    <subfield code="a">&#x179F;&#x17D2;&#x179C;&#x17C2;&#x1784;&#x1799;&#x179B;&#x17CB;&#x1787;&#x17C6;&#x1784;&#x17BA;&#x1786;&#x17D2;&#x1780;&#x17C2;&#x1786;&#x17D2;&#x1782;&#x17BD;&#x178F;</subfield>
  </datafield>
  <datafield tag="260" ind1=" " ind2=" ">
    <subfield code="a">Phnom Penh </subfield>
    <subfield code="b">RUA</subfield>
    <subfield code="c">2014</subfield>
  </datafield>
  <datafield tag="300" ind1=" " ind2=" ">
    <subfield code="a">44p</subfield>
    <subfield code="b">ill;</subfield>
    <subfield code="c">23cm</subfield>
  </datafield>
  <datafield tag="942" ind1=" " ind2=" ">
    <subfield code="c">KB</subfield>
  </datafield>
  <datafield tag="999" ind1=" " ind2=" ">
    <subfield code="c">22752</subfield>
    <subfield code="d">22752</subfield>
  </datafield>
  <datafield tag="952" ind1=" " ind2=" ">
    <subfield code="0">0</subfield>
    <subfield code="1">0</subfield>
    <subfield code="4">0</subfield>
    <subfield code="6">LY_SOV_2014_000000000000000_C011_OR</subfield>
    <subfield code="7">0</subfield>
    <subfield code="9">97732</subfield>
    <subfield code="a">LBC</subfield>
    <subfield code="b">LBC</subfield>
    <subfield code="c">C011</subfield>
    <subfield code="d">2024-03-29</subfield>
    <subfield code="l">1</subfield>
    <subfield code="o">LY SOV 2014 C011 Or.</subfield>
    <subfield code="p">A077790</subfield>
    <subfield code="r">2025-05-26</subfield>
    <subfield code="s">2025-05-16</subfield>
    <subfield code="w">2024-03-29</subfield>
    <subfield code="y">KB</subfield>
  </datafield>
</record>
